Tilastot visalle Hobitti -visa

Klikkaa tästä pelataksesi tätä visaa!

Yleistilastot

  • Tätä visaa on pelattu 35 kertaa
  • Keskiarvotulos 10 / 18

Vastaustilastot

Kysymysvastaus% Oikein
1.Mikä on Bilbon sukunimi?Reppuli
100%
11.Kuka kirjoitti Hobitti- ja Taru Sormusten Herrasta -kirjat?J.R.R. Tolkien
92%
2.Montako kääpiötä tallustaa Ereboriin?13
88%
17.Montako velhoa Keski-Maassa on?5
83%
4.Kuka kääpiöistä rakastuu haltiaan?Kili
71%
7.Mikä on ensimmäisen Hobitti -elokuvan nimi?Odottamaton matka
67%
6.Minkä niminen on kivi, jonka Thorin yrittää löytää?arkkikivi
63%
13.Mitkä pelastavat kääpiöt hukilta?kotkat
63%
12.Kuka ohjasi Hobitti- ja Taru Sormusten Herrasta -elokuvat?Peter Jackson
58%
5.Mikä on kyseisen haltian nimi (4. kysymys)?Tauriel
50%
18.Kuka surmasi Thorinin?Azog
46%
14.Kuka tappoi Smaugin Järvikaupungissa?Bard
46%
16.Kuka kääpiöistä on nopein juoksemaan?Bombur
46%
8.Missä kääpiöt ja Bilbo tapaavat ensimmäistä kertaa?Konnussa
42%
9.Kuka kääpiöistä saapuu Bilbon luokse ensimmäisenä?Dwalin
38%
3.Minkä Bilbo unohtaa Repunpäähän lähtiessään seikkailulle?nenäliinan
38%
10.Mikä on laulun nimi, jonka Thorin ja kääpiöt laulavat Repunpäässä?the Misty Mountains Cold
17%
15.Mikä on Järvikaupungin toinen nimi?Esgaroth
8%

Tulosjakauma

Persentiili vastausten määrän mukaan

Jokaisen tuloksen saaneiden osuus

Tuloshistoriasi

Et ole pelannut tätä visaa